الجن و العفاريت / (رقم التسجيلة. 61734)

تفاصيل مارك
000 -LEADER
fixed length control field 00608nam a22001937a 4500
005 - DATE AND TIME OF LATEST TRANSACTION
control field 20251108171745.0
008 - FIXED-LENGTH DATA ELEMENTS--GENERAL INFORMATION
fixed length control field 250721s1988 xx 000 0 ara d
082 14 - DEWEY DECIMAL CLASSIFICATION NUMBER
Classification number ط/211.8/محا
100 1# - MAIN ENTRY--PERSONAL NAME
Personal name المحامي، محمد كامل حسن
245 10 - TITLE STATEMENT
Title الجن و العفاريت /
264 1# - PRODUCTION, PUBLICATION, DISTRIBUTION, MANUFACTURE, AND COPYRIGHT NOTICE
Place of production, publication, distribution, manufacture بيروت :
Name of producer, publisher, distributor, manufacturer المكتب العالمي للطباعة و النشر،
Date of production, publication, distribution, manufacture, or copyright notice 1988.
300 ## - PHYSICAL DESCRIPTION
Extent 118ص
490 0# - SERIES STATEMENT
Series statement قصص من القرآن الكريم
650 17 - SUBJECT ADDED ENTRY--TOPICAL TERM
Topical term or geographic name as entry element قصص القرآن
653 ## - INDEX TERM--UNCONTROLLED
Uncontrolled term ناشئون كبار (15-18 سنة)
653 ## - INDEX TERM--UNCONTROLLED
Uncontrolled term الجن
942 ## - ADDED ENTRY ELEMENTS (KOHA)
Source of classification or shelving scheme Dewey Decimal Classification
Koha item type كتب
المقتنيات
حالة السحب حالة الفقدان مصدر التصنيف حالة التلف غير قابل للإعارة المكتبة الرئيسية المكتبة الحالية موقع الرف تاريخ التزويد الرقم المتسلسل Total Checkouts رقم الإستدعاء الباركود تاريخ آخر ظهور تاريخ الفاتورة نوع المادة (كوها)
    Dewey Decimal Classification     المكتبة المركزية المكتبة المركزية الأطفال 08/02/2012 1510890   ط/211.8/محا PLD00240416 28/07/2025 08/02/2012 كتب
    Dewey Decimal Classification     مكتبة أم المؤمنين للأطفال مكتبة أم المؤمنين للأطفال الأطفال 28/07/2025 430091   ط/211.8/محا 430091 28/07/2025 28/07/2025 كتب
    Dewey Decimal Classification     مكتبة أم المؤمنين للأطفال مكتبة أم المؤمنين للأطفال الأطفال 28/07/2025 1045399   ط/211.8/محا 1045399 28/07/2025 28/07/2025 كتب
    Dewey Decimal Classification     مكتبة النصر العامة مكتبة النصر العامة الأطفال 03/05/2015 [ 5414 ]   ط/211.8/محا PLD00387264 28/07/2025 03/05/2015 كتب
Implemented & Customized by: BBB with SCIT (Smart Chains for Information Technology)

Powered by Koha